01051nam a22002537a 450000500170000001000150001702000240003202000270005603500130008303700130009608200080010910001060011724501820022326000390040527000480044430000320049250000190052470000240054370000270056770000290059494200220062399900170064595201350066220100813121934.0 aENG-100006 a8184241887c1220.00 a9798184241883c1220.00 aEN-83538 bDBAD/PUB a020 aInformation Technology emerging engineering perspectives & practices (April 6-7,2007: Patiala)912932 aProceedings of the National Conference on Information technology :bemerging engineering perspectives & practices /cedited by Manbir Kaur, Alpana Agarwal [and] Ravinder Agarwal aNew DelhibAllied Publishersc2007 aA-104, Mayapuri Phase IIbNew Delhie110064 axix,520p.:bill.c24cm (Hb) aIncludes index aKaur, Manbir912483 aAgarwal, Alpana912484 aAgarwal, Ravinder912485 2ddccENh020mNAT c41573d41573 001040718NFICaDBADbDBADd2010-08-13eDBAD/PUBg1220.00l0o020 NATpEN-83538r2010-08-13 00:00:00t1v1220.00w2010-08-13yEN